000 00993nam a22003257a 4500
001 000054629
003 CHAP
005 20220329140534.0
008 971013s1965 r 00010 d
010 _a53566
011 _a54538
035 _a58689
040 _cCHAP
082 0 4 _a631.585
_bR8
100 0 0 _aRueda Cassinello, Francisco.
_9100549
245 1 0 _aCultivos enarenados de hortalizas extratempranas.
260 _aMadrid :
_bMundi-Prensa,
_c1965.
300 _a150 p. :
_b: ilus.
590 _aBATCH-UPD
_b10
_c20130110
_lUCH01
_h0723
590 _aBATCH-UPD
_b10
_c20130410
_lUCH01
_h0407
590 _aBATCH-UPD
_b10
_c20130914
_lUCH01
_h1616
590 _aCONVERSION
_b10
_c20130109
_lUCH01
_h1329
590 _aE5995AHE
_b05
_c20150520
_lUCH01
_h0954
650 1 4 _aHidroponía.
_955280
700 0 _aRueda Cassinello, José María.
_9100550
901 _aBK
942 _cLIBRO
942 _n0
949 _a631.585 R8
_bBC
_cLIBRO
_d33724000161022
_eLIBRO
_h44046
_i58689
_si
_t107.00
999 _c53566
_d53566